[Event "CRO Cup"]
[Site "Mali Losinj"]
[Date "2018.05.19"]
[Round "5.73"]
[White "Susnjar, Miroslav"]
[Black "Komljenovic, Tihomir"]
[Result "1/2-1/2"]
[WhiteElo "2154"]
[BlackElo "2041"]
[PlyCount "64"]
[EventDate "2018.05.16"]
[EventType "team-swiss"]
[EventRounds "6"]
[EventCountry "CRO"]
[SourceTitle "CBM 184 Extra"]
[Source "ChessBase"]
[SourceDate "2018.06.28"]
[SourceVersion "1"]
[SourceVersionDate "2018.06.28"]
[SourceQuality "1"]
[WhiteTeam "Osijek Ferit"]
[BlackTeam "Sv Ivan Zabno"]
[WhiteTeamCountry "CRO"]
[BlackTeamCountry "CRO"]

1. d4 Nf6 2. Nf3 g6 3. g3 Bg7 4. Bg2 0-0 5. 0-0 d5 6. c4 c6 7. cxd5 cxd5 8. Nc3 Nc6 9. Ne5 e6 10. Nxc6 bxc6 11. Na4 Ba6 12. Nc5 Bc8 13. Bf4 Nd7 14. Rc1 Re8 15. e4 Qb6 16. Re1 Nxc5 17. dxc5 Qd8 18. exd5 exd5 19. Qa4 Bd7 20. b3 Bb2 21. Rcd1 Bc3 22. Rxe8+ Qxe8 23. Be3 a5 24. Qf4 Rb8 25. Qf3 Rb5 26. Bf1 Rb4 27. Bf4 Bg7 28. Qe2 Re4 29. Qd2 Bg4 30. Rc1 Qd8 31. Re1 Rd4 32. Qe3 Re4 1/2-1/2

[Event "CRO Cup"]
[Site "Mali Losinj"]
[Date "2018.05.16"]
[Round "1.43"]
[White "Plenca, Jadranko"]
[Black "Komljenovic, Tihomir"]
[Result "1-0"]
[WhiteElo "2413"]
[BlackElo "2041"]
[PlyCount "87"]
[EventDate "2018.05.16"]
[EventType "team-swiss"]
[EventRounds "6"]
[EventCountry "CRO"]
[SourceTitle "CBM 184 Extra"]
[Source "ChessBase"]
[SourceDate "2018.06.28"]
[SourceVersion "1"]
[SourceVersionDate "2018.06.28"]
[SourceQuality "1"]
[WhiteTeam "Split Mornar"]
[BlackTeam "Sv Ivan Zabno"]
[WhiteTeamCountry "CRO"]
[BlackTeamCountry "CRO"]

1. e4 Nf6 2. e5 Nd5 3. c4 Nb6 4. d4 d6 5. exd6 cxd6 6. Nc3 g6 7. Be3 Bg7 8. Rc1 0-0 9. b3 Nc6 10. d5 Ne5 11. Be2 f5 12. f4 Ng4 13. Bxg4 fxg4 14. Nge2 e5 15. dxe6 Bxe6 16. 0-0 Qe7 17. Bd4 Rad8 18. a4 Bh6 19. a5 Nc8 20. Qd2 d5 21. c5 Qd7 22. Qe3 Rde8 23. Qe5 Bg7 24. Qxg7+ Qxg7 25. Bxg7 Kxg7 26. Nd4 Bf7 27. a6 bxa6 28. Ra1 Re3 29. Nce2 Rfe8 30. Kf2 R3e4 31. Rxa6 Kg8 32. Rd1 R4e7 33. Rd2 Rc7 34. b4 Re4 35. g3 Ne7 36. Nb5 Rd7 37. c6 Rd8 38. c7 Rd7 39. Rxa7 Nc8 40. Ra8 Re8 41. Rc2 Kg7 42. Na7 Nxa7 43. Rxa7 Rc8 44. Nd4 1-0

[Event "Zadar op-B 23rd"]
[Site "Zadar"]
[Date "2016.12.17"]
[Round "9"]
[White "Komljenovic, Tihomir"]
[Black "Tomas, Ante"]
[Result "1/2-1/2"]
[WhiteElo "2073"]
[BlackElo "2107"]
[PlyCount "34"]
[EventDate "2016.12.11"]
[EventType "swiss"]
[EventRounds "9"]
[EventCountry "CRO"]
[SourceTitle "CBM 176 Extra"]
[Source "ChessBase"]
[SourceDate "2017.03.02"]
[SourceVersion "1"]
[SourceVersionDate "2017.03.02"]
[SourceQuality "1"]

1. e4 Nf6 2. e5 Nd5 3. d4 d6 4. c4 Nb6 5. exd6 exd6 6. h3 Bf5 7. Nf3 Be7 8. Be2 0-0 9. 0-0 Bf6 10. Nc3 Nc6 11. b3 Ne7 12. Bf4 Ng6 13. Bg3 Re8 14. Rc1 c6 15. Bd3 Bxd3 16. Qxd3 d5 17. Rfe1 Qd7 1/2-1/2

[Event "CRO-chT2 Center 25th"]
[Site "Croatia"]
[Date "2016.03.13"]
[Round "1.56"]
[White "Hrupacki, Milan"]
[Black "Komljenovic, Tihomir"]
[Result "1/2-1/2"]
[WhiteElo "2068"]
[BlackElo "2056"]
[PlyCount "79"]
[EventDate "2016.03.13"]
[EventType "team-tourn"]
[EventRounds "11"]
[EventCountry "CRO"]
[SourceTitle "EXT 2019"]
[Source "ChessBase"]
[SourceDate "2018.10.10"]
[SourceVersion "1"]
[SourceVersionDate "2018.10.10"]
[SourceQuality "1"]

1. f4 d6 2. Nf3 Nf6 3. e3 g6 4. d4 Bg7 5. Bd3 0-0 6. 0-0 c5 7. c3 b6 8. Qe2 Bb7 9. e4 cxd4 10. cxd4 Nbd7 11. Nc3 a6 12. Bd2 b5 13. a3 Qb6 14. Kh1 e5 15. fxe5 dxe5 16. dxe5 Ng4 17. Rad1 Ndxe5 18. Nxe5 Nxe5 19. Be3 Qe6 20. Bb1 Rac8 21. a4 Nc4 22. Bd4 Bxd4 23. Rxd4 b4 24. Nd5 Bxd5 25. Rxd5 Rfd8 26. Rxd8+ Rxd8 27. Ba2 Rd4 28. e5 Qg4 29. Qf2 Qf5 30. Qe2 Qe4 31. Qf2 Qf5 32. Qe1 Qxe5 33. Qxb4 Nd6 34. Qb8+ Kg7 35. h3 Re4 36. Qb6 Nf5 37. Rd1 Ng3+ 38. Kg1 Re1+ 39. Rxe1 Qxe1+ 40. Kh2 1/2-1/2

[Event "CRO-chT2 Center"]
[Site "Croatia"]
[Date "2015.04.26"]
[Round "6.35"]
[White "Komljenovic, Tihomir"]
[Black "Muha, Miljenko"]
[Result "0-1"]
[WhiteElo "2069"]
[BlackElo "2057"]
[PlyCount "82"]
[EventDate "2015.03.22"]
[EventType "team-tourn"]
[EventRounds "11"]
[EventCountry "CRO"]
[SourceTitle "EXT 2016"]
[Source "ChessBase"]
[SourceDate "2015.10.08"]
[SourceVersion "1"]
[SourceVersionDate "2015.10.08"]
[SourceQuality "1"]

1. e4 c5 2. Nc3 Nc6 3. g3 g6 4. Bg2 Bg7 5. d3 d6 6. Be3 Rb8 7. Qd2 b5 8. h4 b4 9. Nd1 Nd4 10. h5 a5 11. c3 Nb5 12. Ne2 Bg4 13. f3 Bc8 14. g4 e6 15. Nf2 f5 16. d4 bxc3 17. bxc3 cxd4 18. cxd4 e5 19. dxe5 fxg4 20. fxg4 Bxe5 21. Rb1 Ba6 22. Bg5 Ne7 23. hxg6 hxg6 24. Rxh8+ Bxh8 25. Bxe7 Kxe7 26. Qg5+ Bf6 27. Qxg6 Nc3 28. Qh7+ Kf8 29. Rxb8 Qxb8 30. Nf4 Qb1+ 31. Kd2 Qb2+ 32. Ke3 Bd4+ 33. Kxd4 Ne2+ 34. Kd5 Qe5+ 35. Kc6 Qc5+ 36. Kd7 Qa7+ 37. Kxd6 Qxh7 38. Ne6+ Kg8 39. e5 Nc3 40. g5 Nb5+ 41. Kc6 Qb7+ 0-1

[Event "CRO-chT2 Center"]
[Site "Croatia"]
[Date "2015.03.22"]
[Round "1.2"]
[White "Ivekovic, Ana"]
[Black "Komljenovic, Tihomir"]
[Result "1-0"]
[WhiteElo "2098"]
[BlackElo "2069"]
[PlyCount "63"]
[EventDate "2015.03.22"]
[EventType "team-tourn"]
[EventRounds "11"]
[EventCountry "CRO"]
[SourceTitle "EXT 2016"]
[Source "ChessBase"]
[SourceDate "2015.10.08"]
[SourceVersion "1"]
[SourceVersionDate "2015.10.08"]
[SourceQuality "1"]

1. d4 Nf6 2. c4 g6 3. Nc3 d5 4. Bg5 c6 5. e3 dxc4 6. Bxc4 Bg7 7. Nf3 0-0 8. 0-0 Nbd7 9. Qe2 b5 10. Bd3 Nb6 11. Rac1 Bb7 12. Bxf6 Bxf6 13. Ne4 Nd7 14. Nc5 Nxc5 15. Rxc5 Rc8 16. Rfc1 Qd6 17. Qc2 Qe6 18. b3 Rfd8 19. Be4 Rd6 20. d5 cxd5 21. Rxc8+ Kg7 22. Bd3 Bxc8 23. Qxc8 Qxc8 24. Rxc8 a6 25. g4 h6 26. h4 e5 27. g5 hxg5 28. hxg5 Be7 29. Nxe5 d4 30. Rc7 Kf8 31. exd4 Rxd4 32. Rxe7 1-0

[Event "CRO-chT2 Center 23rd"]
[Site "Grubisno Polje"]
[Date "2014.09.07"]
[Round "7.6"]
[White "Furjan, Antun"]
[Black "Komljenovic, Tihomir"]
[Result "1/2-1/2"]
[WhiteElo "1985"]
[BlackElo "2058"]
[PlyCount "36"]
[EventDate "2014.03.02"]
[EventType "team-match"]
[EventRounds "11"]
[EventCountry "CRO"]
[SourceTitle "EXT 2016"]
[Source "ChessBase"]
[SourceDate "2015.10.08"]
[SourceVersion "1"]
[SourceVersionDate "2015.10.08"]
[SourceQuality "1"]

1. d4 Nf6 2. c4 g6 3. Nc3 d5 4. Bf4 Bg7 5. e3 c6 6. cxd5 Nxd5 7. Nxd5 Qxd5 8. Nf3 Bg4 9. Be2 Nd7 10. 0-0 0-0 11. h3 Bxf3 12. Bxf3 Qb5 13. Qd2 e5 14. a4 Qb6 15. a5 Qb5 16. Be2 Qd5 17. Bf3 Qb5 18. Be2 Qd5 1/2-1/2

[Event "Split op 4th"]
[Site "Split"]
[Date "2014.08.17"]
[Round "2"]
[White "Brynell, Stellan"]
[Black "Komljenovic, Tihomir"]
[Result "1/2-1/2"]
[WhiteElo "2464"]
[BlackElo "2075"]
[PlyCount "62"]
[EventDate "2014.08.16"]
[EventType "swiss"]
[EventRounds "9"]
[EventCountry "CRO"]
[SourceTitle "CBM 161 Extra"]
[Source "ChessBase"]
[SourceDate "2014.08.29"]
[SourceVersion "1"]
[SourceVersionDate "2014.08.29"]
[SourceQuality "1"]

1. d4 Nf6 2. c4 g6 3. g3 c6 4. Bg2 d5 5. cxd5 cxd5 6. Nf3 Bg7 7. Nc3 0-0 8. Ne5 Nc6 9. Nxc6 bxc6 10. 0-0 Bb7 11. Bf4 Nd7 12. Na4 f6 13. Rc1 e5 14. Be3 Re8 15. Qd2 Qe7 16. b3 Bf8 17. dxe5 fxe5 18. Bxd5+ cxd5 19. Rc7 Qd6 20. Rxb7 Qc6 21. Rxa7 d4 22. Rxd7 Qxd7 23. Bg5 Qb5 24. h4 Rec8 25. Bf6 Bg7 26. Bxg7 Kxg7 27. h5 h6 28. hxg6 Ra6 29. Re1 Rac6 30. Qb2 Qb4 31. Rf1 Rc2 1/2-1/2

[Event "CRO-chT2 Center 22nd"]
[Site "Sisak"]
[Date "2013.04.14"]
[Round "1.15"]
[White "Komljenovic, Tihomir"]
[Black "Blagojevic, Marijan"]
[Result "0-1"]
[WhiteElo "2076"]
[BlackElo "2144"]
[PlyCount "52"]
[EventDate "2013.04.14"]
[EventType "team-tourn"]
[EventRounds "11"]
[EventCountry "CRO"]
[SourceTitle "EXT 2016"]
[Source "ChessBase"]
[SourceDate "2015.10.08"]
[SourceVersion "1"]
[SourceVersionDate "2015.10.08"]
[SourceQuality "1"]

1. e4 c5 2. Nc3 Nc6 3. g3 g6 4. Bg2 Bg7 5. d3 e6 6. Be3 d6 7. Qd2 Nd4 8. 0-0-0 Bd7 9. Nge2 Qc7 10. f4 Ne7 11. h4 h5 12. Rhe1 0-0-0 13. Rf1 Kb8 14. Kb1 Nec6 15. Bxd4 Nxd4 16. Nxd4 cxd4 17. Ne2 Rc8 18. Rc1 Qb6 19. c3 dxc3 20. Nxc3 Bd4 21. Rc2 Rc7 22. Ka1 Rhc8 23. Rf3 Qa5 24. Bh3 Ba4 25. Rc1 Rxc3 26. bxc3 Rxc3 0-1

[Event "CRO-chT2 Center"]
[Site "Zagreb"]
[Date "2012.04.01"]
[Round "6.34"]
[White "Babic, Zvonko"]
[Black "Komljenovic, Tihomir"]
[Result "1/2-1/2"]
[WhiteElo "2129"]
[BlackElo "2068"]
[PlyCount "45"]
[EventDate "2012.03.18"]
[EventType "team-swiss"]
[EventRounds "11"]
[EventCountry "CRO"]
[SourceTitle "EXT 2014"]
[Source "ChessBase"]
[SourceDate "2013.11.20"]
[SourceVersion "1"]
[SourceVersionDate "2013.11.20"]
[SourceQuality "1"]

1. e4 Nf6 2. e5 Nd5 3. d4 d6 4. c4 Nb6 5. exd6 cxd6 6. Nc3 g6 7. Be3 Bg7 8. Rc1 Nc6 9. Be2 0-0 10. Nf3 Bg4 11. b3 d5 12. c5 Nc8 13. 0-0 e6 14. h3 Bxf3 15. Bxf3 N8e7 16. Ne2 Nf5 17. g4 Nxe3 18. fxe3 Bh6 19. Qd2 Qg5 20. Rc3 Rad8 21. Qe1 Qe7 22. Qg3 Bg7 23. Qg2 1/2-1/2

[Event "CRO-chT3"]
[Site "Bjelovar"]
[Date "2008.04.27"]
[Round "5"]
[White "Portada, Maroje"]
[Black "Komljenovic, Tihomir"]
[Result "1-0"]
[WhiteElo "2106"]
[BlackElo "2076"]
[PlyCount "95"]
[EventDate "2008.03.30"]
[EventType "team-tourn"]
[EventRounds "9"]
[EventCountry "CRO"]
[SourceTitle "EXT 2011"]
[Source "ChessBase"]
[SourceDate "2010.11.26"]
[SourceVersion "1"]
[SourceVersionDate "2010.11.26"]
[SourceQuality "1"]

1. d4 Nf6 2. c4 g6 3. Nc3 d5 4. Nf3 Bg7 5. Bg5 c6 6. e3 0-0 7. Be2 Qa5 8. Qd2 dxc4 9. Bxc4 b5 10. Bd3 b4 11. Ne4 Nxe4 12. Bxe4 f6 13. Bh4 Qb6 14. 0-0 Be6 15. Bd3 Nd7 16. Rfc1 Rac8 17. e4 c5 18. d5 Bg4 19. Ne1 Ne5 20. Bf1 g5 21. Bg3 Ng6 22. Bc4 Bd7 23. Nd3 Bb5 24. f3 Qa6 25. Qc2 Bxc4 26. Qxc4 Qxc4 27. Rxc4 f5 28. Rac1 Bd4+ 29. Kh1 fxe4 30. fxe4 Be3 31. Rd1 Nf4 32. Bxf4 gxf4 33. Rf1 Kg7 34. Rf3 Kg8 35. g3 e5 36. Nxe5 Bd4 37. Nd3 fxg3 38. Rxg3+ Kh8 39. Kg2 a5 40. b3 Rfe8 41. Rg4 a4 42. bxa4 Ra8 43. Nxc5 Bxc5 44. Rxc5 Rxa4 45. Rc2 b3 46. axb3 Raxe4 47. Rxe4 Rxe4 48. Rd2 1-0